000 00616nam a2200229Ia 4500
003 0100
008 130303s9999 xx 000 0 und d
020 _a814202446
040 _cARRUPELIB
050 _aBF311.S733 1978
245 _aStudies in perception
245 _binterrelations in the history of philosophy and science
260 _aColumbus
260 _bOhio State University Press
260 _C1978
300 _aix
300 _b 567p. 24cm.
650 _aPSYCHOLOGY
650 _bChurch buildings (Canon law)
700 _aMachamer, Peter K. and Turnbull, Robert G. (eds.)
942 0 0 _02
999 _c10610
_d10610